面積が1,000㎢を超える市町村(サドンデス) - Statistics

General Stats
  • This quiz has been taken 111 times
  • The average score is 4 of 14
Answers on the Grid
Answers color-coded by a green-red scale on the quiz's grid according to % correct below.
高山市
浜松市
日光市
別海町
庄原市
富山市
北秋田市
村上市
新ひだか町
枝幸町
標茶町
郡上市
田辺市
山口市
奥州市
岩泉町
松本市
上越市
八雲町
阿賀町
魚沼市
豊田市
広島市
秋田市
佐伯市
盛岡市
南会津町
延岡市
京都市
旭川市
 
Answer Stats
Answer % Correct
約2177㎢ 高山市
58%
約1558㎢ 浜松市
58%
約1449㎢ 日光市
52%
約1174㎢ 村上市
39%
約1246㎢ 庄原市
38%
約1241㎢ 富山市
38%
約1317㎢ 別海町
35%
約1152㎢ 北秋田市
29%
約1026㎢ 田辺市
29%
約1147㎢ 新ひだか町
16%
約1030㎢ 郡上市
14%
約1115㎢ 枝幸町
13%
約1099㎢ 標茶町
13%
約1023㎢ 山口市
12%
No matching quizzes found
Score Distribution
Percent of People with Each Score
Percentile by Number Answered
Your Score History
You have not taken this quiz